| 000 | 01039nac a22002771u 4500 | ||
|---|---|---|---|
| 010 | _a 2003061512 | ||
| 020 | _a0072861789 (alk. paper) | ||
| 022 | _a0071160973 | ||
| 082 | 0 | 0 |
_a332.6 _bB667 |
| 090 |
_c4057 _d4057 |
||
| 100 | _aBodie, Zvi. | ||
| 245 | 1 | 0 |
_aInvestments / _cZvi Bodie, Alex Kane, Alan J. Marcus. |
| 250 | _a4th ed. | ||
| 260 |
_aBoston, Mass. : _bMcGraw-Hill Irwin,2005 _cc2005. |
||
| 300 |
_axxx, 1090 p. : _bill. ; _c26 cm. |
||
| 440 | 4 | _aThe McGraw-Hill/Irwin series in finance, insurance, and real estate | |
| 490 | _aFinancial Series. | ||
| 500 | _aA variety of multi-media instructional aids are available to supplement the text. | ||
| 504 | _aIncludes bibliographical references and indexes. | ||
| 650 | 0 | _aInvestments. | |
| 650 | 0 | _aPortfolio management. | |
| 700 | 1 | _aKane, Alex. | |
| 700 | 1 | _aMarcus, Alan J. | |
| 942 |
_cBB _k332.6B667 |
||
| 999 |
_c4057 _d4057 |
||